000
00364nam a2200133Ia 4500
003
GCL
008
140319s9999 xx 000 0 ara d
040
_a
GCL /
_c
GCL
082
0
4
_a
813.01
_b
م ع
245
1
0
_a
العشاء السفلى: رواية
260
_a
[S.N] :
_b
دار توبقال للنشر ،
_c
1987
300
_a
61 ص
490
_a
نصوص ادبية
_v
0
999
_c
32068
_d
32068